[Event "II Weekend della Cipressina B"]
[Site "Venezia ITA"]
[Date "2013.11.29"]
[Round "1"]
[White "Belloni, Umberto"]
[Black "Viviani, Tommaso"]
[WhiteElo "1788"]
[BlackElo "1579"]
[Result "1/2-1/2"]
[PlyCount "68"]
[EventDate "2013.11.29"]

1. d4 Nf6 2. Bg5 Ne4 3. Bh4 d5 4. Nd2 Bf5 5. Nxe4 Bxe4 6. e3 Qd6 7. a3 Qb6 8.
b4 e6 9. c3 a5 10. f3 Bg6 11. Ne2 Bd6 12. f4 O-O 13. g4 Nd7 14. Bg2 Qa6 15. Rc1
axb4 16. axb4 Qc4 17. O-O Bd3 18. Re1 Ra2 19. Bf1 Rfa8 20. Ng3 Bxf1 21. Nxf1
Rb2 22. Nd2 Qd3 23. Nf1 Qxd1 24. Rexd1 Raa2 25. h3 Nb6 26. Ra1 Nc4 27. Rxa2
Rxa2 28. Rc1 Kf8 29. Bf2 b6 30. Kg2 c5 31. bxc5 bxc5 32. Kf3 cxd4 33. cxd4 Ke7
34. Rb1 Rb2 1/2-1/2

[Event "II Weekend della Cipressina B"]
[Site "Venezia ITA"]
[Date "2013.11.29"]
[Round "1"]
[White "Dalla Palma, Giovanni"]
[Black "Pomponio, Stefano"]
[WhiteElo "1724"]
[BlackElo "1505"]
[Result "1-0"]
[PlyCount "133"]
[EventDate "2013.11.29"]

1. e4 e5 2. Nf3 Nc6 3. d4 exd4 4. Bc4 h6 5. O-O Bc5 6. c3 dxc3 7. Bxf7+ Kxf7 8.
Qd5+ Ke8 9. Qxc5 c2 10. Qxc2 d6 11. e5 Nge7 12. exd6 Qxd6 13. b3 Bf5 14. Qc3
Rg8 15. Ba3 Qg6 16. Nh4 Qg5 17. Nxf5 Qxf5 18. Qg3 Qe5 19. Qxe5 Nxe5 20. Re1
N5c6 21. Nc3 Kf7 22. Re2 Rge8 23. Rd2 Rad8 24. Rad1 Rxd2 25. Rxd2 Nd5 26. Ne2
Rd8 27. f3 Ne5 28. Bb2 Ng6 29. Kf2 c6 30. Ng3 Ngf4 31. Nf5 Ne6 32. g3 h5 33. h4
g6 34. Ne3 Nc5 35. Nc4 Nd7 36. Nd6+ Ke6 37. Nxb7 Rb8 38. Re2+ Kf7 39. Nd6+ Kg8
40. Ba3 c5 41. Rc2 Nb4 42. Bxb4 cxb4 43. Rc8+ Rxc8 44. Nxc8 a6 45. Ne7+ Kf7 46.
Nc6 Nc5 47. Nxb4 Ke6 48. Ke3 a5 49. Nd3 Nd7 50. Kd4 Kd6 51. Nf4 Nf8 52. a3 Kc6
53. Ke5 Nd7+ 54. Kd4 Nf8 55. Nd3 Ne6+ 56. Ke5 Nf8 57. b4 axb4 58. Nxb4+ Kb5 59.
Kf6 Ka4 60. Kf7 Nd7 61. Kxg6 Ne5+ 62. Kxh5 Nxf3 63. g4 Kxa3 64. Nc6 Ka4 65. g5
Kb5 66. g6 Kxc6 67. g7 1-0

[Event "II Weekend della Cipressina B"]
[Site "Venezia ITA"]
[Date "2013.11.29"]
[Round "1"]
[White "Grudina, Marco"]
[Black "Onesto, Roberto"]
[WhiteElo "1750"]
[BlackElo "1546"]
[Result "1/2-1/2"]
[PlyCount "83"]
[EventDate "2013.11.29"]

1. e4 c6 2. d4 d5 3. exd5 cxd5 4. c4 e6 5. Nc3 Nf6 6. Bg5 Be7 7. Nf3 O-O 8. c5
b6 9. b4 a5 10. a3 axb4 11. axb4 Rxa1 12. Qxa1 Qc7 13. Nb5 Qb7 14. Ne5 Nc6 15.
Nxc6 Qxc6 16. Na7 Qc7 17. g3 Bd7 18. Nb5 Qb8 19. Bf4 Qb7 20. Nd6 Bxd6 21. Bxd6
Ra8 22. Qb2 Ne4 23. Bf4 bxc5 24. f3 Nf6 25. dxc5 Bb5 26. Kf2 Rc8 27. Bxb5 Qxb5
28. Rc1 Ne8 29. Qc3 h6 30. Kg2 f6 31. Kf2 Qc6 32. Qb2 Qb5 33. Qa3 e5 34. Bd2
Nc7 35. Ra1 Ra8 36. Qb2 Ra4 37. Rxa4 Qxa4 38. Bc1 Kf7 39. Ke2 Qb5+ 40. Kf2 Qa4
41. Ke2 Qb5+ 42. Kf2 1/2-1/2

[Event "II Weekend della Cipressina B"]
[Site "Venezia ITA"]
[Date "2013.11.29"]
[Round "1"]
[White "Miatto, Marco"]
[Black "Rossi, Gianni"]
[WhiteElo "1579"]
[BlackElo "1789"]
[Result "0-1"]
[PlyCount "68"]
[EventDate "2013.11.29"]

1. e4 Nf6 2. e5 Nd5 3. d4 d6 4. Nf3 dxe5 5. Nxe5 g6 6. Bc4 c6 7. Qf3 Be6 8. O-O
Bg7 9. Rd1 O-O 10. Qb3 b5 11. Bxd5 Bxd5 12. c4 bxc4 13. Nxc4 Nd7 14. Be3 Nb6
15. Nba3 Qc8 16. Qd3 Qg4 17. Qf1 Nxc4 18. Nxc4 c5 19. f3 Qe6 20. Ne5 cxd4 21.
Bf2 Bxe5 22. Re1 Qd6 23. h3 Bh2+ 24. Kh1 Bg3 25. Bxg3 Qxg3 26. Rxe7 Rfc8 27.
Qe2 Be6 28. Qe4 Qd6 29. Qb7 Rab8 30. Qxa7 Rxb2 31. Re1 Qg3 32. Rg1 Rxg2 33.
Re8+ Rxe8 34. Rxg2 Qxf3 0-1

[Event "II Weekend della Cipressina B"]
[Site "Venezia ITA"]
[Date "2013.11.29"]
[Round "1"]
[White "Rizzo, Nicodemo"]
[Black "Tosello, Edoardo"]
[WhiteElo "1586"]
[BlackElo "1419"]
[Result "1-0"]
[PlyCount "93"]
[EventDate "2013.11.29"]

1. d4 Nf6 2. c4 g6 3. Nf3 Bg7 4. e3 O-O 5. Be2 e6 6. Nc3 d5 7. O-O Nbd7 8. b4
dxc4 9. Bxc4 Nb6 10. Be2 Nbd5 11. Nxd5 exd5 12. Bb2 b6 13. Rc1 Bb7 14. b5 Ne4
15. Qc2 Rc8 16. Nd2 Nxd2 17. Qxd2 h5 18. a4 c6 19. bxc6 Rxc6 20. Ba3 Rxc1 21.
Rxc1 Re8 22. Qc2 Qc8 23. Bb5 Qxc2 24. Rxc2 Rc8 25. Rxc8+ Bxc8 26. Bc6 Bf8 27.
Bxf8 Kxf8 28. Bxd5 Bd7 29. Bb3 f5 30. Kf1 Ke7 31. Ke2 a5 32. f4 b5 33. axb5
Bxb5+ 34. Kd2 Bc6 35. g3 a4 36. Bc4 Be4 37. Kc3 Kd6 38. Kb4 Bd5 39. Bb5 Bc6 40.
Bxc6 Kxc6 41. Kxa4 Kd6 42. Kb4 Kd5 43. Kb5 h4 44. gxh4 Kd6 45. Kc4 Kc7 46. Kd5
Kd8 47. Ke6 1-0

[Event "II Weekend della Cipressina B"]
[Site "Venezia ITA"]
[Date "2013.11.29"]
[Round "1"]
[White "Sangiorgi, Raphael"]
[Black "Pelyushenko, Vladyslav"]
[WhiteElo "1512"]
[BlackElo "1745"]
[Result "0-1"]
[PlyCount "120"]
[EventDate "2013.11.29"]

1. e4 c5 2. Nf3 d6 3. d4 cxd4 4. Nxd4 Nf6 5. Nc3 a6 6. Be3 e5 7. Nb3 Be6 8. Be2
Nbd7 9. f3 b5 10. Qd2 Nb6 11. Bxb6 Qxb6 12. g4 b4 13. Nd1 Be7 14. Ne3 Nd7 15.
h4 a5 16. Nd5 Bxd5 17. Qxd5 Rc8 18. O-O-O Qe3+ 19. Qd2 Qb6 20. Qd3 O-O 21. Rdg1
a4 22. Nd2 Nc5 23. Qd5 b3 24. axb3 axb3 25. c3 Ra8 26. Nb1 Ne6 27. Qd2 Nf4 28.
g5 Ra1 29. Bc4 Rc8 30. Bd5 Nxd5 31. exd5 Qa7 32. h5 Qa2 33. Qd3 Qa4 34. Qf5
Rxb1+ 35. Kxb1 Qa2+ 36. Kc1 Qa1+ 37. Qb1 Qa5 38. g6 Qxd5 39. gxh7+ Kh8 40. Qf5
Ra8 41. Kb1 Qa5 42. Kc1 Qa7 43. Qe4 Bf6 44. Rg2 d5 45. Qd3 d4 46. Rhg1 dxc3 47.
Qxc3 Qb7 48. Kb1 e4 49. Qe3 exf3 50. Rg3 Qa6 51. Qxb3 f2 52. Rd1 f1=Q 53. Rxf1
Qxf1+ 54. Kc2 Rc8+ 55. Kd2 Qf2+ 56. Kd3 Qd4+ 57. Ke2 Re8+ 58. Re3 Rxe3+ 59.
Qxe3 Qxe3+ 60. Kxe3 Bxb2 0-1

[Event "II Weekend della Cipressina B"]
[Site "Venezia ITA"]
[Date "2013.11.29"]
[Round "1"]
[White "Schiera, Ignazio"]
[Black "Barato, Giuseppe"]
[WhiteElo "1491"]
[BlackElo "1692"]
[Result "0-1"]
[PlyCount "104"]
[EventDate "2013.11.29"]

1. e4 e6 2. d4 d5 3. e5 c5 4. c3 Nc6 5. Nf3 cxd4 6. cxd4 Qb6 7. Bd3 f6 8. a3
fxe5 9. dxe5 Nge7 10. O-O g6 11. b4 Bg7 12. Be3 Qc7 13. Bb5 O-O 14. Bxc6 Nxc6
15. Ra2 Nxe5 16. Nxe5 Qxe5 17. Re2 Qf5 18. Bc5 Rf7 19. Nd2 b6 20. Bd6 Ba6 21.
Nf3 Bxe2 22. Qxe2 Re8 23. Be5 Bxe5 24. Nxe5 Rc7 25. g4 Qf4 26. Nd3 Qd4 27. Ne5
Qc3 28. h4 Qc2 29. Qe3 Kg7 30. Nd3 Qc4 31. f3 Rce7 32. Rc1 Qb5 33. h5 e5 34.
Nf2 Qd7 35. Kg2 gxh5 36. Qg5+ Kh8 37. Qxh5 Qe6 38. b5 Qg6 39. Qh4 e4 40. f4 Qf7
41. g5 e3 42. Nd3 Qf5 43. Ne5 Qe4+ 44. Kg3 Rxe5 45. fxe5 Qxh4+ 46. Kxh4 e2 47.
Re1 Rxe5 48. Kg4 d4 49. Kf4 Re7 50. Kf3 d3 51. Kf2 Kg7 52. Rc1 d2 0-1

[Event "II Weekend della Cipressina B"]
[Site "Venezia ITA"]
[Date "2013.11.29"]
[Round "1"]
[White "Zanchi, Marco"]
[Black "Guidobene, Davide"]
[WhiteElo "1548"]
[BlackElo "1767"]
[Result "1/2-1/2"]
[PlyCount "82"]
[EventDate "2013.11.29"]

1. e4 c5 2. Nf3 d6 3. d4 cxd4 4. Nxd4 a6 5. Nc3 e5 6. Nf3 Be7 7. Bc4 Be6 8. Bd5
Qc8 9. Na4 Nd7 10. c4 Bxd5 11. Qxd5 Ngf6 12. Qd3 O-O 13. O-O Qc6 14. Nc3 Nc5
15. Nd5 Nxd3 16. Nxe7+ Kh8 17. Nxc6 bxc6 18. Nd2 Rfd8 19. b3 Nxc1 20. Raxc1 d5
21. cxd5 cxd5 22. exd5 Rxd5 23. Nc4 Rad8 24. Rfe1 e4 25. Ne3 Rd2 26. Red1 h6
27. h3 Nh5 28. g3 g6 29. Kf1 Kg7 30. Ke1 Rxd1+ 31. Rxd1 Rxd1+ 32. Kxd1 Nf6 33.
b4 Kf8 34. Kc2 Ke7 35. Kc3 Nd7 36. Kd4 f5 37. Nd5+ Kd6 38. a3 Ne5 39. Ne3 Nf3+
40. Kc4 Kc6 41. a4 Ne5+ 1/2-1/2

[Event "II Weekend della Cipressina B"]
[Site "Venezia ITA"]
[Date "2013.11.30"]
[Round "2"]
[White "Barato, Giuseppe"]
[Black "Moretto, Gian Franco"]
[WhiteElo "1692"]
[BlackElo "1371"]
[Result "1-0"]
[PlyCount "65"]
[EventDate "2013.11.29"]

1. d4 d5 2. c4 e6 3. Nc3 b6 4. Nf3 Nf6 5. Bg5 Be7 6. e3 Nbd7 7. cxd5 exd5 8.
Bd3 a6 9. O-O Ng4 10. Bxe7 Qxe7 11. Nxd5 Qd8 12. Rc1 c5 13. Bf5 Ndf6 14. Nxf6+
Nxf6 15. Bxc8 Rxc8 16. Qa4+ Nd7 17. dxc5 O-O 18. cxb6 Nxb6 19. Qd4 Qxd4 20.
Nxd4 Nc4 21. b3 Nd2 22. Rxc8 Rxc8 23. Rd1 Ne4 24. f3 Nc3 25. Ra1 g6 26. Kf2 Kg7
27. e4 Rd8 28. Ke3 h5 29. b4 g5 30. a4 Kg6 31. b5 a5 32. Nc6 Nd1+ 33. Ke2 1-0

[Event "II Weekend della Cipressina B"]
[Site "Venezia ITA"]
[Date "2013.11.30"]
[Round "2"]
[White "Daccico, Gianni"]
[Black "Belloni, Umberto"]
[WhiteElo "1600"]
[BlackElo "1788"]
[Result "0-1"]
[PlyCount "56"]
[EventDate "2013.11.29"]

1. e4 e6 2. d3 d5 3. Nd2 Nf6 4. g3 dxe4 5. dxe4 Bc5 6. Bg2 Nc6 7. Ngf3 O-O 8.
O-O Qe7 9. c3 e5 10. h3 Be6 11. b4 Bb6 12. Re1 Rad8 13. Qc2 Nh5 14. g4 Nf4 15.
Bf1 f6 16. Nb3 g5 17. Bxf4 gxf4 18. Bg2 h5 19. gxh5 Qh7 20. Nc5 Bxc5 21. bxc5
Qxh5 22. Kf1 Na5 23. Rad1 Bxh3 24. Rxd8 Bxg2+ 25. Kxg2 Rxd8 26. Rh1 Qg4+ 27.
Kf1 Qxf3 28. Rg1+ Kf7 0-1

[Event "II Weekend della Cipressina B"]
[Site "Venezia ITA"]
[Date "2013.11.30"]
[Round "2"]
[White "Guidobene, Davide"]
[Black "Grudina, Marco"]
[WhiteElo "1767"]
[BlackElo "1750"]
[Result "1/2-1/2"]
[PlyCount "81"]
[EventDate "2013.11.29"]

1. d4 d5 2. c4 c6 3. Nc3 Nf6 4. Nf3 e6 5. e3 Nbd7 6. b3 Bb4 7. Qc2 Ne4 8. Bd2
Nxd2 9. Nxd2 Qa5 10. Rc1 Bxc3 11. Qxc3 Qxc3 12. Rxc3 O-O 13. cxd5 exd5 14. Bd3
f5 15. O-O Nf6 16. f4 Re8 17. Re1 Ne4 18. Nxe4 dxe4 19. Bc4+ Be6 20. Bxe6+ Rxe6
21. Rec1 h5 22. Rc5 g6 23. Kf2 Rd8 24. Kg3 Kf7 25. Kh4 Kf6 26. b4 Red6 27. a4
a6 28. h3 R8d7 29. R1c3 Rd8 30. Rc1 R8d7 31. R1c2 Rd8 32. R2c3 R8d7 33. g3 Rd8
34. Rc1 R8d7 35. R1c2 Rd8 36. R2c3 R8d7 37. Ra3 Rd8 38. b5 cxb5 39. axb5 b6 40.
Rc7 a5 41. Rc6 1/2-1/2

[Event "II Weekend della Cipressina B"]
[Site "Venezia ITA"]
[Date "2013.11.30"]
[Round "2"]
[White "Onesto, Roberto"]
[Black "Sangiorgi, Fabio"]
[WhiteElo "1546"]
[BlackElo "1643"]
[Result "1-0"]
[PlyCount "33"]
[EventDate "2013.11.29"]

1. d4 c6 2. e4 d5 3. e5 Bf5 4. Bd3 Bxd3 5. Qxd3 e6 6. f4 Qc7 7. Nf3 Ne7 8. O-O
Nf5 9. g4 Ne7 10. f5 Nd7 11. fxe6 fxe6 12. Ng5 Ng6 13. Nxe6 Qb6 14. c3 c5 15.
Qf5 Ndxe5 16. dxe5 Kd7 17. Nxf8+ 1-0

[Event "II Weekend della Cipressina B"]
[Site "Venezia ITA"]
[Date "2013.11.30"]
[Round "2"]
[White "Pelyushenko, Vladyslav"]
[Black "Rizzo, Nicodemo"]
[WhiteElo "1745"]
[BlackElo "1586"]
[Result "1-0"]
[PlyCount "149"]
[EventDate "2013.11.29"]

1. d4 Nf6 2. Nf3 d5 3. c4 e6 4. Nc3 c5 5. e3 Nc6 6. dxc5 Bxc5 7. cxd5 Nxd5 8.
Nxd5 Qxd5 9. Qxd5 exd5 10. a3 Bg4 11. Be2 a5 12. O-O O-O 13. h3 Bh5 14. g4 Bg6
15. Rd1 Rad8 16. Nd4 Nxd4 17. exd4 Be7 18. Be3 Rc8 19. Rdc1 Bc2 20. Bb5 Rfd8
21. Bd2 b6 22. Bc3 Bb3 23. Re1 Bg5 24. Re5 h6 25. Rae1 Kf8 26. Kg2 Bf6 27. R5e3
Bg5 28. R3e2 Bc4 29. Bxc4 Rxc4 30. Rd1 Bf4 31. Rd3 Rdc8 32. Rf3 g5 33. h4 R4c6
34. hxg5 hxg5 35. Rh3 Kg7 36. Re1 Rh8 37. Reh1 Rxh3 38. Rxh3 Rh6 39. Rxh6 Kxh6
40. Kf3 Kg6 41. Ke2 f5 42. f3 fxg4 43. fxg4 Kf6 44. Kd3 Ke6 45. Kc2 Kd7 46. Kb3
Kc6 47. Ka4 Be3 48. b4 axb4 49. Kxb4 b5 50. Bb2 Bd2+ 51. Bc3 Be3 52. Ka5 Bc1
53. Bb4 Bb2 54. Bc5 Bc3+ 55. Ka6 Bb2 56. Ka7 Bc3 57. Kb8 Bb2 58. Kc8 Bc3 59.
Kd8 Bd2 60. Ke7 Be3 61. Ke6 Bc1 62. Kf5 Be3 63. Ke6 Bc1 64. Kf6 Be3 65. Kf5 Kd7
66. Ke5 Kc6 67. Ke6 Bf4 68. Be7 Be3 69. Bf6 Bc1 70. Be7 Be3 71. Kf5 Bxd4 72.
Bxg5 Bb2 73. Bd2 d4 74. g5 Bc3 75. g6 1-0

[Event "II Weekend della Cipressina B"]
[Site "Venezia ITA"]
[Date "2013.11.30"]
[Round "2"]
[White "Rossi, Gianni"]
[Black "Gradari, Stefano"]
[WhiteElo "1789"]
[BlackElo "1676"]
[Result "1/2-1/2"]
[PlyCount "20"]
[EventDate "2013.11.29"]

1. d4 Nf6 2. f3 e6 3. e4 d5 4. Nc3 Be7 5. Bd3 c5 6. Be3 Nc6 7. Bb5 cxd4 8. Qxd4
O-O 9. Qa4 Qc7 10. Nge2 Bd7 1/2-1/2

[Event "II Weekend della Cipressina B"]
[Site "Venezia ITA"]
[Date "2013.11.30"]
[Round "2"]
[White "Roverato, Franco"]
[Black "Dalla Palma, Giovanni"]
[WhiteElo "1661"]
[BlackElo "1724"]
[Result "0-1"]
[PlyCount "50"]
[EventDate "2013.11.29"]

1. e4 e5 2. Nf3 Nc6 3. Bb5 Nf6 4. O-O d6 5. d4 Bd7 6. Nc3 exd4 7. Nxd4 Nxd4 8.
Qxd4 Bxb5 9. Nxb5 Qd7 10. a4 a6 11. Nc3 Be7 12. e5 dxe5 13. Qxe5 O-O 14. Rd1
Bd6 15. Qd4 Rad8 16. Bf4 Qf5 17. Bg3 Qxc2 18. Nd5 Nxd5 19. Qxd5 Be7 20. Rdc1
Qxc1+ 21. Rxc1 Rxd5 22. Kf1 Bd6 23. Bxd6 cxd6 24. Rc7 Rb8 25. Ke2 Rc5 0-1

[Event "II Weekend della Cipressina B"]
[Site "Venezia ITA"]
[Date "2013.11.30"]
[Round "2"]
[White "Tosello, Edoardo"]
[Black "Schiera, Ignazio"]
[WhiteElo "1419"]
[BlackElo "1491"]
[Result "1/2-1/2"]
[PlyCount "92"]
[EventDate "2013.11.29"]

1. d4 Nf6 2. c4 e6 3. Nc3 b6 4. Nf3 Ba6 5. e4 Bb4 6. Bd2 Nc6 7. e5 Bxc3 8. Bxc3
Ne4 9. h4 Nxc3 10. bxc3 Na5 11. Qa4 Qc8 12. Bd3 Qb7 13. O-O Qc6 14. Qxc6 dxc6
15. Nd2 c5 16. Rfe1 cxd4 17. cxd4 Bb7 18. Be4 Bxe4 19. Rxe4 O-O-O 20. Rd1 Nc6
21. Nb3 Rd7 22. d5 Ne7 23. d6 Nf5 24. c5 Kb7 25. Rb1 Rc8 26. Na5+ Ka6 27. c6
Rdd8 28. d7 Rb8 29. Nc4 b5 30. Nd6 Ne7 31. Nxf7 Nxc6 32. Nxd8 Rxd8 33. Rc1 Ne7
34. Rxc7 Kb6 35. Rc2 Rxd7 36. a4 a6 37. Rb2 Rd5 38. g4 Nc6 39. f4 b4 40. Rbxb4+
Nxb4 41. Rxb4+ Kc7 42. Rc4+ Kd7 43. Rb4 Ke8 44. Rb8+ Kf7 45. Rb7+ Kf8 46. Rb8+
Kf7 1/2-1/2

[Event "II Weekend della Cipressina B"]
[Site "Venezia ITA"]
[Date "2013.11.30"]
[Round "2"]
[White "Viviani, Tommaso"]
[Black "Zanchi, Marco"]
[WhiteElo "1579"]
[BlackElo "1548"]
[Result "1-0"]
[PlyCount "56"]
[EventDate "2013.11.29"]

1. e4 e5 2. Nf3 Nc6 3. d4 exd4 4. Nxd4 Nf6 5. Nxc6 bxc6 6. e5 Qe7 7. Qe2 Nd5 8.
c4 Ba6 9. b3 Qh4 10. Bb2 Bb4+ 11. Nd2 O-O 12. O-O-O Nc3 13. Bxc3 Bxc3 14. Qe3
Bd4 15. Qe4 Bxf2 16. Qxh4 Bxh4 17. Nf3 Bf2 18. Rxd7 Bb6 19. c5 Bc8 20. Re7 Bxc5
21. Rxc7 Be3+ 22. Kc2 c5 23. Bc4 Bf5+ 24. Kc3 a5 25. Re1 Bf4 26. g3 Bh6 27.
Rxc5 Rfd8 28. e6 fxe6 1-0

[Event "II Weekend della Cipressina B"]
[Site "Venezia ITA"]
[Date "2013.11.30"]
[Round "3"]
[White "Belloni, Umberto"]
[Black "Onesto, Roberto"]
[WhiteElo "1788"]
[BlackElo "1546"]
[Result "1/2-1/2"]
[PlyCount "116"]
[EventDate "2013.11.29"]

1. d4 d5 2. Bf4 e6 3. c3 Bd6 4. Bg3 Nf6 5. Nd2 Bxg3 6. hxg3 Nc6 7. Ngf3 Qe7 8.
e3 Bd7 9. Ne5 Nxe5 10. dxe5 Ng8 11. Qb3 b6 12. a4 f5 13. f4 Nh6 14. Be2 O-O 15.
Kf2 c5 16. Bh5 c4 17. Qd1 Be8 18. Bf3 Rc8 19. Ra2 Qc5 20. Nf1 Rc7 21. Nh2 Re7
22. Qd4 Qxd4 23. exd4 Bd7 24. Rb1 b5 25. Bd1 bxa4 26. Bxa4 Bxa4 27. Rxa4 Rb8
28. Ke2 Kf7 29. Kd2 Rbb7 30. Kc2 Ng4 31. Nxg4 fxg4 32. b3 cxb3+ 33. Rxb3 Ke8
34. Ra6 Rxb3 35. Kxb3 g6 36. c4 dxc4+ 37. Kxc4 Rc7+ 38. Kd3 Ke7 39. Ke4 Rd7 40.
Ra1 Kf7 41. Ra4 Ke7 42. Ra1 Kf7 43. Rh1 h5 44. Ra1 Rb7 45. Ra4 Rd7 46. Kd3 Rc7
47. Ra5 Rd7 48. Kc4 Ke7 49. Ra6 Rc7+ 50. Kb5 Rd7 51. Ra4 Rc7 52. Ra6 Rd7 53.
Kc6 Rxd4 54. Rxa7+ Kf8 55. Ra8+ Ke7 56. Ra7+ Kf8 57. Ra2 Ke7 58. Kc5 Rd7
1/2-1/2

[Event "II Weekend della Cipressina B"]
[Site "Venezia ITA"]
[Date "2013.11.30"]
[Round "3"]
[White "Dalla Palma, Giovanni"]
[Black "Pelyushenko, Vladyslav"]
[WhiteElo "1724"]
[BlackElo "1745"]
[Result "1-0"]
[PlyCount "101"]
[EventDate "2013.11.29"]

1. e4 c5 2. c3 Nf6 3. d3 Nc6 4. Nf3 d6 5. g3 e6 6. Bg2 Be7 7. O-O O-O 8. Bf4 e5
9. Be3 Qb6 10. Qc2 Ng4 11. Re1 Nxe3 12. Rxe3 Nd8 13. Nbd2 Ne6 14. Nc4 Qc7 15.
Re2 Ng5 16. Ne3 Nxf3+ 17. Bxf3 Bg5 18. Nd5 Qd8 19. Bg2 Kh8 20. c4 f5 21. exf5
Bxf5 22. Be4 Bg4 23. Ree1 Qd7 24. Bg2 Bf3 25. Bxf3 Rxf3 26. Re4 Raf8 27. Rf1
Qf7 28. Qe2 b5 29. Nf4 Rxf4 30. gxf4 Bxf4 31. Kh1 bxc4 32. Rxc4 Qf5 33. Rg1 Qh3
34. Rg2 Rb8 35. b3 Rg8 36. Ra4 Qd7 37. Ra6 Qb7 38. Rxd6 e4 39. Re6 exd3 40.
Qxd3 Qa8 41. Qe4 Qb8 42. Rg4 Bh6 43. Rg1 Qb5 44. Re1 g6 45. Re8 Rf8 46. Rxf8+
Bxf8 47. Qe8 Qb7+ 48. Kg1 Qg7 49. Qe5 Kg8 50. Qxg7+ Kxg7 51. Re8 1-0

[Event "II Weekend della Cipressina B"]
[Site "Venezia ITA"]
[Date "2013.11.30"]
[Round "3"]
[White "Gradari, Stefano"]
[Black "Viviani, Tommaso"]
[WhiteElo "1676"]
[BlackElo "1579"]
[Result "1/2-1/2"]
[PlyCount "30"]
[EventDate "2013.11.29"]

1. e4 d6 2. d4 Nf6 3. Nc3 g6 4. Nf3 Bg7 5. Be2 O-O 6. O-O c6 7. a4 a5 8. h3 Qc7
9. Bf4 Nbd7 10. e5 dxe5 11. Nxe5 Qd8 12. Nf3 Nd5 13. Nxd5 cxd5 14. Re1 Nf6 15.
Ne5 Nd7 1/2-1/2

[Event "II Weekend della Cipressina B"]
[Site "Venezia ITA"]
[Date "2013.11.30"]
[Round "3"]
[White "Grudina, Marco"]
[Black "Sangiorgi, Raphael"]
[WhiteElo "1750"]
[BlackElo "1512"]
[Result "1-0"]
[PlyCount "91"]
[EventDate "2013.11.29"]

1. e4 e5 2. Nf3 Nf6 3. Nxe5 d6 4. Nf3 Nxe4 5. d4 d5 6. Bd3 Bd6 7. O-O O-O 8.
Re1 Re8 9. c4 c6 10. cxd5 cxd5 11. Nc3 Nxc3 12. bxc3 Bg4 13. Bd2 Nd7 14. Rxe8+
Qxe8 15. Bxh7+ Kxh7 16. Ng5+ Kg8 17. Qxg4 Nf6 18. Qf3 Qc6 19. Nh3 Ne4 20. Qd3
Nxd2 21. Qxd2 Rc8 22. Rc1 b5 23. Rc2 b4 24. Qd3 g6 25. Ng5 Be7 26. Nf3 Qc4 27.
Qe3 bxc3 28. Qxe7 Qd3 29. Ne1 Qd1 30. Qe3 Kf8 31. Qc1 Qxd4 32. Nf3 Qf6 33. Qh6+
Qg7 34. Qxg7+ Kxg7 35. Kf1 Kf6 36. Ke2 Kf5 37. Kd3 f6 38. Nd4+ Ke5 39. Rxc3
Rxc3+ 40. Kxc3 a6 41. Kd3 g5 42. Nf3+ Ke6 43. Kd4 Kd6 44. a4 Kc6 45. Ne1 Kb6
46. Nd3 1-0

[Event "II Weekend della Cipressina B"]
[Site "Venezia ITA"]
[Date "2013.11.30"]
[Round "3"]
[White "Moretto, Gian Franco"]
[Black "Daccico, Gianni"]
[WhiteElo "1371"]
[BlackElo "1600"]
[Result "0-1"]
[PlyCount "42"]
[EventDate "2013.11.29"]

1. e4 e5 2. Nf3 Nc6 3. Bb5 a6 4. Ba4 Nf6 5. O-O Bc5 6. d3 d6 7. Bg5 b5 8. Bb3
O-O 9. a3 Bg4 10. Nbd2 h6 11. Bh4 g5 12. Bg3 Ne7 13. Qc1 Ng6 14. Re1 Qd7 15. h3
Bxh3 16. gxh3 Qxh3 17. Nf1 Nf4 18. Bxf4 gxf4 19. N1h2 Ng4 20. Qd2 Kh7 21. Kh1
Nxf2+ 0-1

[Event "II Weekend della Cipressina B"]
[Site "Venezia ITA"]
[Date "2013.11.30"]
[Round "3"]
[White "Rizzo, Nicodemo"]
[Black "Guidobene, Davide"]
[WhiteElo "1586"]
[BlackElo "1767"]
[Result "0-1"]
[PlyCount "48"]
[EventDate "2013.11.29"]

1. d4 Nf6 2. c4 e6 3. Nf3 Bb4+ 4. Bd2 Qe7 5. a3 Bxd2+ 6. Nbxd2 d6 7. e3 O-O 8.
Be2 e5 9. d5 a5 10. e4 a4 11. O-O Nbd7 12. Ne1 Nc5 13. Qc2 Bd7 14. f3 Nh5 15.
Nd3 Nf4 16. Nxf4 exf4 17. Qd1 Rae8 18. Re1 Qh4 19. Bf1 Re5 20. Qe2 Rh5 21. h3
Rg5 22. Kh1 Qg3 23. Red1 Bxh3 24. Qe1 Bxg2+ 0-1

[Event "II Weekend della Cipressina B"]
[Site "Venezia ITA"]
[Date "2013.11.30"]
[Round "3"]
[White "Rossi, Gianni"]
[Black "Barato, Giuseppe"]
[WhiteElo "1789"]
[BlackElo "1692"]
[Result "0-1"]
[PlyCount "118"]
[EventDate "2013.11.29"]

1. d4 d5 2. e4 e6 3. Be3 dxe4 4. Nd2 Nf6 5. f3 exf3 6. Ngxf3 Nd5 7. Bf2 Be7 8.
Bc4 Nd7 9. O-O O-O 10. c3 b6 11. Qe2 Bb7 12. Bg3 Bd6 13. Ne5 Nxe5 14. Bxe5 Bxe5
15. Qxe5 Nf6 16. Rae1 Rc8 17. Nf3 h6 18. Qe2 c5 19. dxc5 Rxc5 20. Nd4 Rg5 21.
Nf3 Rg4 22. Bd3 Qd5 23. h3 Rf4 24. Nd4 Rxf1+ 25. Rxf1 Ne4 26. Re1 Nd6 27. Bb1
Re8 28. Qc2 g6 29. Qe2 Kg7 30. Qg4 Qg5 31. Qe2 Bd5 32. b3 Bb7 33. Nf3 Qc5+ 34.
Qe3 Qxe3+ 35. Rxe3 Bxf3 36. Rxf3 e5 37. Rd3 Nb5 38. a4 Na3 39. Rd1 Nxb1 40.
Rxb1 Rc8 41. Rc1 f5 42. Kf2 Kf6 43. c4 a5 44. Rd1 Rc6 45. Rd8 e4 46. Ke3 Ke5
47. Rd5+ Ke6 48. Rd8 Rd6 49. Rh8 h5 50. Rg8 Rd3+ 51. Kf4 Kf7 52. Rb8 Rxb3 53.
Ke5 e3 54. Rb7+ Ke8 55. Kf6 f4 56. Re7+ Kd8 57. Re4 Rb2 58. Kxg6 Rxg2+ 59. Kxh5
e2 0-1

[Event "II Weekend della Cipressina B"]
[Site "Venezia ITA"]
[Date "2013.11.30"]
[Round "3"]
[White "Sangiorgi, Fabio"]
[Black "Pomponio, Stefano"]
[WhiteElo "1643"]
[BlackElo "1505"]
[Result "1/2-1/2"]
[PlyCount "92"]
[EventDate "2013.11.29"]

1. e4 d5 2. exd5 Qxd5 3. Nc3 Qa5 4. d3 c6 5. Bd2 e6 6. Nf3 Bd6 7. Ne4 Qd8 8.
Be2 Nf6 9. Nxd6+ Qxd6 10. Bc3 Nbd7 11. O-O b5 12. b3 b4 13. Bb2 Bb7 14. Qd2 c5
15. Rfe1 O-O 16. Rad1 a5 17. d4 Ne4 18. dxc5 Qxd2 19. Nxd2 Nexc5 20. Bf3 Bxf3
21. Nxf3 Rac8 22. c4 Nb6 23. Ne5 f6 24. Nd3 Nxd3 25. Rxd3 Rc6 26. Red1 Re8 27.
g3 Kf7 28. Kg2 e5 29. f3 Rce6 30. Re3 Nc8 31. Rd5 Rd6 32. Rxd6 Nxd6 33. Kf2 Rd8
34. Rd3 e4 35. fxe4 Nxe4+ 36. Ke3 Rxd3+ 37. Kxd3 Nc5+ 38. Ke3 Ke6 39. Bd4 Nb7
40. g4 g6 41. Bb6 f5 42. gxf5+ Kxf5 43. Kf3 Ke5 44. Ke3 h6 45. Bc7+ Ke6 46. h4
Kd7 1/2-1/2

[Event "II Weekend della Cipressina B"]
[Site "Venezia ITA"]
[Date "2013.11.30"]
[Round "3"]
[White "Zanchi, Marco"]
[Black "Tosello, Edoardo"]
[WhiteElo "1548"]
[BlackElo "1419"]
[Result "1-0"]
[PlyCount "39"]
[EventDate "2013.11.29"]

1. e4 c5 2. Nf3 d6 3. d4 cxd4 4. Nxd4 Nc6 5. Nc3 Nxd4 6. Qxd4 e5 7. Qd1 Nf6 8.
Be2 a6 9. Be3 Be7 10. Qd2 b5 11. a3 Bb7 12. f3 Rc8 13. O-O O-O 14. Bd3 d5 15.
exd5 Nxd5 16. Nxd5 Bxd5 17. Rad1 Be6 18. Qf2 f5 19. Bxf5 Bh4 20. Bxe6+ 1-0

[Event "II Weekend della Cipressina B"]
[Site "Venezia ITA"]
[Date "2013.12.01"]
[Round "4"]
[White "Barato, Giuseppe"]
[Black "Dalla Palma, Giovanni"]
[WhiteElo "1692"]
[BlackElo "1724"]
[Result "0-1"]
[PlyCount "122"]
[EventDate "2013.11.29"]

1. d4 f5 2. g3 Nf6 3. Bg2 g6 4. Nf3 Bg7 5. O-O O-O 6. Nbd2 d6 7. c4 Qe8 8. e3
e5 9. d5 f4 10. e4 fxg3 11. hxg3 Bg4 12. Qb3 b6 13. Nh2 Qd7 14. f3 Bh3 15. g4
Bxg2 16. Kxg2 Na6 17. Qe3 Nc5 18. b4 Nb7 19. Rb1 a5 20. a3 axb4 21. axb4 Ra2
22. Rf2 Rfa8 23. Ndf1 Qa4 24. Qb3 Rxf2+ 25. Kxf2 Qa2+ 26. Qxa2 Rxa2+ 27. Rb2
Rxb2+ 28. Bxb2 Bh6 29. Ne3 Kf7 30. Nhf1 Nd7 31. Nd1 Nb8 32. Nc3 Na6 33. Ba3 Kf6
34. Ne2 Nd8 35. Ne3 Nf7 36. Nc2 Bd2 37. b5 Nb8 38. Bc1 Ba5 39. Bb2 Kg5 40. Kg3
Bd2 41. Bc1 Bxc1 42. Nxc1 h5 43. gxh5 gxh5 44. Ne2 h4+ 45. Kh3 Nd7 46. Ne3 Nf8
47. Ng2 Ng6 48. Ng1 Kh5 49. Kh2 Ng5 50. Ne3 Ne7 51. Ng4 Nxf3+ 52. Nxf3 Kxg4 53.
Nd2 Kf4 54. Kh3 Ng6 55. c5 dxc5 56. Nc4 Kxe4 57. d6 cxd6 58. Nxb6 Ne7 59. Kxh4
Kd4 60. Kg4 c4 61. Nd7 c3 0-1